Poskytovanie digitálnych služieb a zákon o dani z pridanej hodnoty bakalárska práca

Saved in:
Bibliographic Details
Main Author: Kollerová, Kristína
Corporate Author: Fakulta hospodárskej informatiky EU. Katedra účtovníctva a audítorstva
Other Authors: Surovičová, Adriana, 1990-
Format: Book
Language:Slovak
Published: Bratislava 2020
Tags: Add Tag
No Tags, Be the first to tag this record!

MARC

LEADER 00000nbm a2200000 4500
001 0264736
005 20210427213237.3
041 0 |a slo 
044 |a SK 
245 1 0 |a Poskytovanie digitálnych služieb a zákon o dani z pridanej hodnoty  |b bakalárska práca  |c Kristína Kollerová ; školiteľ: Adriana Surovičová 
264 1 |a Bratislava  |c 2020 
300 |a 46 s. 
100 1 |a Kollerová, Kristína 
700 1 |a Surovičová, Adriana, 1990- 
710 2 |a Fakulta hospodárskej informatiky EU. Katedra účtovníctva a audítorstva